Himalayan geology. (Record no. 21738)

MARC details
000 -LEADER
fixed length control field 02133cas a2200541 a 4500
001 - CONTROL NUMBER
control field 11234005
003 - CONTROL NUMBER IDENTIFIER
control field dpl
005 - DATE AND TIME OF LATEST TRANSACTION
control field 20080917050325.0
008 - FIXED-LENGTH DATA ELEMENTS--GENERAL INFORMATION
fixed length control field 750901c19719999ii fr p 1 0eng d
010 ## - LIBRARY OF CONGRESS CONTROL NUMBER
LC control number 79923104
Canceled/invalid LC control number sn 84011404
-- 96659136
022 ## - INTERNATIONAL STANDARD SERIAL NUMBER
International Standard Serial Number 0971-8966
Incorrect ISSN 0379-5101
Source z
025 ## - OVERSEAS ACQUISITION NUMBER
Overseas acquisition number I-F-E-604
030 ## - CODEN DESIGNATION
CODEN HMLGBX
035 ## - SYSTEM CONTROL NUMBER
System control number (OCoLC)ocm01586618
040 ## - CATALOGING SOURCE
Original cataloging agency MnMULS
Transcribing agency MnMULS
Modifying agency NIC
-- OCoLC
-- NST
-- AIP
-- NST
-- N
-- NSDP
-- NST
-- DLC
-- ICRL
-- DLC
-- OCoLC
-- OCoLC
-- NLGGC
-- NNC
041 ## - LANGUAGE CODE
Language code of text/sound track or separate title enghin
042 ## - AUTHENTICATION CODE
Authentication code lc
043 ## - GEOGRAPHIC AREA CODE
Geographic area code ah-----
050 ## - LIBRARY OF CONGRESS CALL NUMBER
Classification number QE319.H5
Item number H55
082 ## - DEWEY DECIMAL CLASSIFICATION NUMBER
Classification number 555.4
210 ## - ABBREVIATED TITLE
Abbreviated title Himal. geol.
222 ## - KEY TITLE
Key title Himalayan geology
245 ## - TITLE STATEMENT
Title Himalayan geology.
246 ## - VARYING FORM OF TITLE
Display text Vol. 14 issued in Hindi with title:
Title proper/short title Himālayana bhūvijñāna
260 ## - PUBLICATION, DISTRIBUTION, ETC. (IMPRINT)
Place of publication, distribution, etc Delhi :
Name of publisher, distributor, etc Wadia Institute of Himalayan Geology,
Date of publication, distribution, etc 1971-
300 ## - PHYSICAL DESCRIPTION
Extent v. :
Other physical details ill. ;
Dimensions 24-28 cm.
310 ## - CURRENT PUBLICATION FREQUENCY
Current publication frequency Semiannual,
Date of current publication frequency <1996->
321 ## - FORMER PUBLICATION FREQUENCY
Former publication frequency Annually,
-- 1971-1982
321 ## - FORMER PUBLICATION FREQUENCY
Former publication frequency Bi-annually
-- 1989-
362 ## - DATES OF PUBLICATION AND/OR SEQUENTIAL DESIGNATION
Dates of publication and/or sequential designation Vol. 1 (1971)-
500 ## - GENERAL NOTE
General note Published in Dehra Dun, 1977-
500 ## - GENERAL NOTE
General note Each v. consists of proceedings of seminars and symposia on Himalayan geology organized by Wadia Institute of Himalayan Geology.
500 ## - GENERAL NOTE
General note Latest issue consulted: Vol. 30, no. 1 (2008).
510 ## - CITATION/REFERENCES NOTE
Name of source Chemical abstracts
International Standard Serial Number 0009-2258
Coverage of source 1971-1981
515 ## - NUMBERING PECULIARITIES NOTE
Numbering peculiarities note None published 1983-1988.
515 ## - NUMBERING PECULIARITIES NOTE
Numbering peculiarities note Some v. issued in pts.
515 ## - NUMBERING PECULIARITIES NOTE
Numbering peculiarities note Vol. 28, no. 3 is called "abstract volume" and also carries a distinctive title.
590 ## - LOCAL NOTE (RLIN)
Local note SERBIB/SERLOC merged record
650 ## - SUBJECT ADDED ENTRY--TOPICAL TERM
Topical term or geographic name as entry element Geology
Geographic subdivision Himalaya Mountains.
9 (RLIN) 3235
650 ## - SUBJECT ADDED ENTRY--TOPICAL TERM
Topical term or geographic name as entry element Geologie.
Source of heading or term gtt
9 (RLIN) 3236
710 ## - ADDED ENTRY--CORPORATE NAME
Corporate name or jurisdiction name as entry element Wadia Institute of Himalayan Geology.
9 (RLIN) 3237
270 ## - ADDRESS
Address 33-General Mahadeo Singh Road,
City Dehradun
Postal code 248001
Telephone number 0135-265405
906 ## - LOCAL DATA ELEMENT F, LDF (RLIN)
a 7
b cbc
c serials
d u
e ncip
f 19
g n-oclcserc
942 ## - ADDED ENTRY ELEMENTS (KOHA)
Source of classification or shelving scheme Dewey Decimal Classification
Item type Periodicals
Classification part 555.4
Call number prefix HIM
Serial record 1
Holdings
Withdrawn status Lost status Source of classification or shelving scheme Damaged status Not for loan Collection code Home library Current library Date acquired Total Checkouts Full call number Date last seen Price effective from Koha item type
    Dewey Decimal Classification   Not For Loan Non-fiction D.B.Act.Division D.B.Act.Division 20/01/2009   555.4 20/01/2009 20/01/2009 Periodicals

© Delhi Public Library
Hit Counter
free hit counter